header

Lobster (Record no. 244475)

MARC details
000 -LEADER
fixed length control field 01233nam a2200349 a 4500
100 1# - MAIN ENTRY--AUTHOR NAME
Personal name King, Richard J.
245 10 - TITLE STATEMENT
Title Lobster
260 ## - PUBLICATION, DISTRIBUTION, ETC. (IMPRINT)
Place of publication London :
Name of publisher Reaktion Books,
Year of publication 2011.
300 ## - PHYSICAL DESCRIPTION
Number of Pages 216 p. :
Other physical details ill.
490 1# - SERIES STATEMENT
Series statement Animal series
650 #0 - SUBJECT ADDED ENTRY--TOPICAL TERM
Topical Term Lobsters.
Topical Term Lobster culture.
Topical Term Lobster fisheries.
Topical Term Lobster industry.
Topical Term Cooking (Lobsters)
856 40 - ELECTRONIC LOCATION AND ACCESS
Uniform Resource Identifier http://site.ebrary.com/lib/rucke/Doc?id=10538332

No items available.

© 2026 Rongo University
Contact us: librarian | system librarian | Rongo university